Colonial Modernity: (Record no. 188445)

MARC details
000 -LEADER
fixed length control field 00562nam a22001817a 4500
005 - DATE AND TIME OF LATEST TRANSACTION
control field 20220523152923.0
010 ## - LCCN (DPL NO)
LC control number ENG-132784
020 ## - INTERNATIONAL STANDARD BOOK NUMBER
International Standard Book Number 9789380677132
Terms of availability 350.00
035 ## - SYSTEM CONTROL NUMBER
System control number EN-116316
037 ## - SOURCE OF ACQUISITION
Source of stock number/acquisition DBAD/PUB
082 ## - DEWEY DECIMAL CLASSIFICATION NUMBER
Classification number 954.035
245 ## - TITLE STATEMENT
Title Colonial Modernity:
Remainder of title Indian Perspectives/
Statement of responsibility, etc Edited by Pradip Basu
260 ## - PUBLICATION, DISTRIBUTION, ETC. (IMPRINT)
Place of publication, distribution, etc Kolkata
Name of publisher, distributor, etc Archana DAs & Subrata Das
Date of publication, distribution, etc 2011
270 ## - ADDRESS
Address 12/A Shankar Ghosh Lane
City Kolkata
Electronic mail address setuprakashani@yahoo.co.in
300 ## - PHYSICAL DESCRIPTION
Extent 248p.
Dimensions 21cm(pbk)
700 ## - ADDED ENTRY--PERSONAL NAME
Personal name Basu, Pradip
942 ## - ADDED ENTRY ELEMENTS (KOHA)
Source of classification or shelving scheme Dewey Decimal Classification
Item type English Books
Classification part 954.035
Call number suffix COL
Holdings
Withdrawn status Lost status Not for loan Collection code Home library Current library Date acquired Source of acquisition Cost, normal purchase price Full call number Barcode Copy number Cost, replacement price Koha item type
    Not For Loan Non-fiction D.B.Act.Division Mobile Library 23/05/2022 DBAD/PUB 350.00 954.035 COL EN-116316 1 350.00 English Books

© Delhi Public Library
Hit Counter
free hit counter